[Event "Eurasia Cup op"]
[Site "Ekaterinburg"]
[Date "2019.08.05"]
[Round "5"]
[White "Burdukova, Anastasia"]
[Black "Malashenko, Artyom"]
[Result "0-1"]
[WhiteElo "1385"]
[BlackElo "1641"]
[PlyCount "35"]
[EventDate "2019.07.31"]
[EventType "swiss"]
[EventRounds "9"]
[EventCountry "RUS"]
[SourceTitle "CBM 191 Extra"]
[Source "ChessBase"]
[SourceDate "2019.09.30"]
[SourceVersion "1"]
[SourceVersionDate "2019.09.30"]
[SourceQuality "1"]

1. e4 c5 2. d4 cxd4 3. c3 dxc3 4. Nxc3 Nc6 5. Nf3 g6 6. Bc4 Bg7 7. Bd2 d6 8. 0-0 Nf6 9. Bf4 0-0 10. Qd2 Bg4 11. Nh4 Rc8 12. h3 Bd7 13. Bh6 Qa5 14. Bxg7 Kxg7 15. Bb3 Qh5 16. Nf3 Bxh3 17. gxh3 Qxh3 18. Nh2 0-1

[Event "Eurasia Cup op"]
[Site "Ekaterinburg"]
[Date "2019.08.01"]
[Round "2"]
[White "Romanov, Vasily"]
[Black "Burdukova, Anastasia"]
[Result "1-0"]
[WhiteElo "1906"]
[BlackElo "1385"]
[PlyCount "53"]
[EventDate "2019.07.31"]
[EventType "swiss"]
[EventRounds "9"]
[EventCountry "RUS"]
[SourceTitle "CBM 191 Extra"]
[Source "ChessBase"]
[SourceDate "2019.09.30"]
[SourceVersion "1"]
[SourceVersionDate "2019.09.30"]
[SourceQuality "1"]

1. e4 c6 2. d4 d5 3. Nc3 dxe4 4. Nxe4 Nf6 5. Nxf6+ exf6 6. c3 Bd6 7. Bd3 0-0 8. Qc2 h6 9. Ne2 Qc7 10. h3 Be6 11. 0-0 c5 12. dxc5 Bxc5 13. Nf4 Bd7 14. Nd5 Qd6 15. c4 Bd4 16. Bf4 Be5 17. Be3 Nc6 18. Rad1 Kh8 19. Be4 Qe6 20. Rfe1 f5 21. Bd3 Qg6 22. b4 Be6 23. a3 Bxd5 24. cxd5 Ne7 25. Bc5 Bd6 26. Rxe7 Bxe7 27. Bxe7 1-0